Quizzes
Events
Quiz Creation
Community
Videos
Private Events
Remove Ads
Sign In
Join for FREE
Feedback
Dark Mode
Quiz Categories
Sports
Geography
Music
Movies
Television
Just For Fun
Miscellaneous
History
Literature
Language
Science
Gaming
Entertainment
Religion
Holiday
For Kids
Quiz Lab
Recent
Popular Today
Quiz Kudos Today
Editor Picks
Curator Picks
Quizzes by...
Day
Popularity
Type
Ratings
Length
Year
Community
Subscriptions
Recent Discussions
Orange Saloon
Badges
Playlists
Quests
Create
Leaderboards
Showdown
Live 5
Trivia Bingo
Activity
Puzzle Library
Sporcle Events
Private Events
Virtual Trivia
Globe League
Become a Host
Pub Owners
SporcleCon
Opinionation
Our Games
Videos
Blog
Mobile Apps
Partnerships
Remove Ads and Go Orange
Feedback
Music
Pop Music
The Beatles
Song
Album
Lyrics
Bands
Singers
Artist
Clip
Rock
Rap
Classical
Billboard
Country Music
Kpop
Taylor Swift
Music
Pop Music
The Beatles
Song
Album
Lyrics
Bands
Singers
Artist
Clip
Rock
Rap
Classical
Billboard
Country Music
Kpop
Taylor Swift
Random Quiz
Search Sporcle
×
Quiz Lab
Quiz Lab
Music
bang
Type in answers that appear in a list
Type in answers that appear in a list
Classic
Best Score? Go Orange.
Green Day - Bang Bang (With Intro) Stats
Can you name all of the lyrics to Green Day's Bang Bang?
By
wildanimal
9m
278 Questions
77 Plays
77 Plays
77 Plays
Comments
Comments
Give Quiz Kudos
Give Quiz Kudos
-
- Ratings
hide this ad
Replay
Link that replays current quiz
Next Quiz
Link to next quiz in quiz playlist
You Got
0%
They Got
Avg Score
72%
Avg Friend Score
Upgrade to see
Score Distribution
Jump to the score distribution portion of the page
Score
0/278
Timer
09:00
0
Plays Today
% Correct
I
93.5%
I
93.5%
I
93.5%
I
93.5%
I
93.5%
I
93.5%
I
93.5%
I
93.5%
I
93.5%
I
93.5%
I
93.5%
I
93.5%
I
93.5%
a
92.2%
the
92.2%
a
92.2%
the
92.2%
a
92.2%
a
92.2%
a
92.2%
a
92.2%
a
92.2%
a
92.2%
The
92.2%
The
92.2%
the
92.2%
the
92.2%
the
92.2%
a
92.2%
The
92.2%
The
92.2%
the
92.2%
the
92.2%
the
92.2%
the
92.2%
an
90.9%
to
89.6%
to
89.6%
to
89.6%
to
89.6%
to
89.6%
to
89.6%
to
89.6%
to
89.6%
to
89.6%
Bang
87%
Bang!
87%
of
87%
Bang
87%
Bang!
87%
Bang
87%
Bang.
87%
Bang
87%
Bang.
87%
of
87%
Bang
87%
Bang.
87%
Bang
87%
Bang.
87%
of
87%
of
87%
of
87%
and
83.1%
me
83.1%
me
83.1%
me
83.1%
me
83.1%
and
83.1%
and
83.1%
me
83.1%
me
83.1%
me
83.1%
me
83.1%
and
83.1%
and
83.1%
and
83.1%
my
81.8%
my
81.8%
my
81.8%
my
81.8%
my
81.8%
my
81.8%
be
81.8%
my
81.8%
be
81.8%
my
81.8%
is
81.8%
is
81.8%
be
81.8%
my
81.8%
is
81.8%
be
81.8%
video.
80.5%
% Correct
little
80.5%
little
80.5%
little
80.5%
little
80.5%
this
80.5%
this
80.5%
little
80.5%
little
80.5%
This
80.5%
video
80.5%
want
79.2%
want
79.2%
up
79.2%
Daddy's
79.2%
psycho
79.2%
Mommy's
79.2%
up
79.2%
want
79.2%
Daddy's
79.2%
psycho
79.2%
Mommy's
79.2%
want
79.2%
want
79.2%
Daddy's
79.2%
psycho
79.2%
Mommy's
79.2%
i'm
77.9%
I'm
77.9%
Shoot
77.9%
boy.
77.9%
I'm
77.9%
soldier.
77.9%
Shoot
77.9%
boy.
77.9%
I'm
77.9%
soldier.
77.9%
soldier.
77.9%
am
76.6%
am
76.6%
in
76.6%
own
76.6%
in
76.6%
own
76.6%
on
75.3%
Give
75.3%
You're
75.3%
dead!
75.3%
Give
75.3%
give
75.3%
on
75.3%
Give
75.3%
You're
75.3%
dead!
75.3%
Give
75.3%
give
75.3%
celebrity
75.3%
on
75.3%
celebrity
75.3%
like
74%
like
74%
lonely
74%
like
74%
like
74%
lonely
74%
like
74%
semi
72.7%
death
72.7%
or
72.7%
semi
72.7%
death
72.7%
or
72.7%
martyr.
72.7%
man
72.7%
or
72.7%
martyr.
72.7%
man
72.7%
got
71.4%
automatic
71.4%
got
71.4%
got
71.4%
automatic
71.4%
private
71.4%
private
71.4%
private
71.4%
head.
70.1%
it's
70.1%
head.
70.1%
drama.
70.1%
It's
70.1%
it's
70.1%
drama.
70.1%
dance
68.8%
for
68.8%
% Correct
hour.
68.8%
For
68.8%
hour.
68.8%
for
68.8%
start
67.5%
fame.
67.5%
entertain.
67.5%
fame.
67.5%
entertain.
67.5%
hero
67.5%
Oh
67.5%
hero
67.5%
not
67.5%
get
66.2%
modern
66.2%
Romeo.
66.2%
well
66.2%
well
66.2%
first
66.2%
kicks
64.9%
fever
64.9%
bullets
64.9%
radio.
64.9%
Vietnam.
64.9%
leading
64.9%
soldiers
64.9%
leading
64.9%
violent
63.6%
behaviour.
63.6%
fed.
63.6%
live
63.6%
photo
63.6%
just
63.6%
fed.
63.6%
from
63.6%
war.
63.6%
War
63.6%
rager.
62.3%
bomb
62.3%
room
62.3%
with
62.3%
toys.
62.3%
baby
62.3%
baby
62.3%
World
62.3%
Zero.
62.3%
execution.
62.3%
sweating
61%
Broadcasting
61%
lie
61%
Broadcasting
61%
playing
61%
screen.
61%
Viva
61%
anybody
59.7%
else.
59.7%
memories.
58.4%
love
58.4%
love
58.4%
testify
55.8%
Vendetta.
55.8%
surface
55.8%
holy
54.5%
lullaby
53.2%
definitely
53.2%
Hurrah.
51.9%
Hurrah.
51.9%
Hurrah.
51.9%
Hurrah.
51.9%
men
42.9%
another
39%
terrorist
35.1%
Deserve
35.1%
they
33.8%
disturbed.
33.8%
mentally
32.5%
as
31.2%
hostage
31.2%
group.
31.2%
annihilated.
29.9%
by
28.6%
responsibility
27.3%
Described
27.3%
severely
27.3%
claimed
26%
executions.
26%
executed
22.1%
Videos
15.6%
Women
13%
smashed
13%
are
13%
showing
10.4%
Quiz Playlist
Details
Report
Send in Message
Add To Playlist
Classic:
Type in answers that appear in a list
Last Updated: Dec 1, 2019
Quiz Scoreboard
CHALLENGE
Sign Up to Join the Scoreboard
Show All
Scores
Hide
Comments
May contain spoilers
Recently Published
Presidents Visiting Landmarks
by Hejman
History
7m
An Introduction to Baseball
by treessimontrees
Sports
5m
Movies - When Are They Set?
by FPL_Elf
Movies
5m
More to Explore
Quiz From the Vault
Featured Blog Post
Where Did the Easter Bunny Come From?
hide this ad
You Might Also Like...
Tags
bang
green
Today's Top Quizzes in Music
Browse Music
hide this ad
Today's Top Quizzes in bang
Browse bang
Top Contributed Quizzes in Music
1
Taylor Swift All Songs (2024)
2
Guess the Artist- 70s Songs
3
One Thing in Common: Music
4
KPOP LOGIC QUIZ
5
2010s Album by Cover III
6
Taylor Swift Logic Puzzle
7
Guess the Taylor Swift song (Mystery Song)
8
7-to-1: Billboard Hot 100 #1 Hits of 2010s
9
2010s Album by Cover IV
10
2010s Album by Cover V
Explore More
Trending Topics
Marvel
NBA
Kpop
Crossword
Harry Potter
Disney
Anime
NFL
Song
Soccer
Country
Pokémon
The Office
WWE
Puzzle
hide this ad
More By:
wildanimal
Quiz
Plays
Rating
Category
Featured
Created
Backstreet Boys - I Want It That Way
2,081
4.78
Music
Aug 3, 2016
The Nightmare Before Christmas - This Is Halloween
1,838
4.67
Music
Dec 7, 2016
*NSYNC - Bye Bye Bye
1,768
4.71
Music
Dec 16, 2016
All Time Low - Dear Maria Count Me In
1,706
4.13
Music
May 15, 2016
Backstreet Boys - Everybody (Backstreet's Back)
1,395
4.67
Music
Jul 12, 2016
Go to Creator's Profile
Score Distribution
Quiz Creator Spotlight
wildanimal
Follow
Send a Message
Quizzes Created
-
Created Quiz Play Count
-
More By This Creator
Popular Quizzes Today
1
Find the Countries of Europe - No Outlines Minefield
2
Find the US States - No Outlines Minefield
3
The Countries of the World
4
Popular People in 1961
5
Find the US States
6
US States
7
1-10 Letter E Words III
8
Risky Map Clicking: Biggest States A-Z
More Music Quizzes
Day6 Crossword
Quiz Lab
Trending Quizzes
Risky Map Clicking: Least Populous States A-Z
1-10 Letter F Words
1-10 Letter G Words
One Thing in Common: United Kingdom
Risky Map Clicking: Next State Alphabetically
Recently Updated
Leaping Animals
pecheneg
Reality TV Shows (A-Z)
bhenderson79
Rickey Henderson's Hall of Fame Teammates
pecheneg
Champions League XIs: Arsenal
pecheneg
Quick Pick: Celebrities in WWE's Hall of Fame
aduchscher
A-Z Keypad Blitz II
pecheneg
Multiple Oscar Actors
pecheneg
Mystery Phrase Blitz: Oscar 'Best Actors'
pecheneg
F. Scott Fitzgerald Novels
LTH
Pick 3 Villains
ddd62291
Trending Topics
Disney
NBA
Crossword
Kpop
Marvel
Harry Potter
Anime
The Office
NFL
Soccer
Pokémon
Song
Country
WWE
Puzzle
Your Account Isn't Verified!
In order to create a playlist on Sporcle, you need to verify the email address you used during registration. Go to your
Sporcle Settings
to finish the process.
Report this User
Report this user for behavior that violates our
Community Guidelines
.
Details:
Send Report
Go to the Sporcle.com Mobile Site →
Comments